000 00924nam#a2200301#a#4500
001 vtls000406700
003 NLI
005 20210603110310.0
008 110211s1973 ii 000 p eng
020 _cRs. 10.00
039 9 _y201102112256
_zVargis_01
040 _aNLI
_beng
_cVergis_S
_eAACR2
041 1 _aeng
_htam
044 _aii
082 0 4 _a894.8111
100 0 _aSubramania Bharati
_9593113
245 1 0 _aSongs to Krishna /
_cSubramania Bharati ; transcreated from the Tamil by David Bunce
260 _aCalcutta :
_bWriters Workshop,
_cc1973
300 _ax,40,iv p. ;
_c23 cm.
504 _aBibliography : p. 43
650 0 _aTamil poetry
_xTranslations into English
_9459
700 1 _aBunce, David,
_4trl
_9593114
887 _a
901 _aDB27585
_b28.07.1975
902 _aE 894.8111 Su 16
942 _2ddc
_cBKS
949 _AVIRTUAITEM
_D10000
_X100
_6DBA000027585ENG
999 _aVIRTUA
_c366151
_d366151